000 01043nam a2200229Ia 4500
001 L140-948
003 IT-CnALBA
008 170116s9999||||xx |||||||||||||| ||und||
040 _aIT-CnALBA
_cIT-CnALBA
041 _aITALIANO
100 _aAHRENS ENRICO
245 0 _aCORSO DI DIRITTO NATURALE O DELLA FILOSOFIA DEL A DIRITTO.
250 _a4a ed.
260 _aMILANO
_bLIBRERIA DI F. SANVITO
_c1857 [1° Ed.: n.d.]
300 _a562 p. (prefazione: 16)
500 _aTRADUTTORE DE CASTRO VINCENZO. FILOSOFIA DEL DIRITTO. INTRODUZIONE. ANILISI E SVILUPPO DEL PRINCIPIO DEL DIRITTO. DIRITTO INDIVIDUALE. DIRITTO SOCIALE DIRITTO DELLA FAMIGLIA.
501 _aSocietà San Paolo EM - Piazza San Paolo, 14 - 12051 ALBA (CN) (non commercial uses only) ® Copyright 2017
520 _aTRADUTTORE DE CASTRO VINCENZO. FILOSOFIA DEL DIRITTO. INTRODUZIONE. ANILISI E SVILUPPO DEL PRINCIPIO DEL DIRITTO. DIRITTO INDIVIDUALE. DIRITTO SOCIALE DIRITTO DELLA FAMIGLIA.
650 _aSISTEMI FILOSOFICI
942 _cBK
957 _71
999 _a1040
_bSI
_g Copie: 1
_c260177
_d260177